Score 0/20 Timer 02:00
0 Plays Today
Poem Missing Word % Correct
How Do I Love ___?Thee
89.6%
The Rime of the ___ MarinerAncient
66.9%
Where the ___ EndsSidewalk
58.6%
The ___ of the Light BrigadeCharge
57.4%
Ode on a ___ UrnGrecian
54.8%
The ___ and the PussycatOwl
54.5%
___ at the BatCasey
53%
O ___! My ___!Captain
50.7%
___ DinGunga
42.4%
In ___ FieldsFlanders
37.6%
Poem Missing Word % Correct
The ___ LandWaste
32.8%
She Walks in ___Beauty
29.6%
Because I Could Not Stop for ___Death
29.5%
Elegy Written in a Country ___Churchyard
18.3%
To His ___ MistressCoy
17.6%
Mending ___Wall
15.7%
The Ballad of ___ GaolReading
15.6%
Still I ___Rise
10.7%
To the ___, to Make Much of TimeVirgins
9.1%
The New ___Colossus
8.8%

Today's Daily Dose

Missing Word
I Hardly Know Her!

Word Ladder
Sentence Ending

Quick Pick
Female Firsts

Get the Picture
Triathlon Sports

Remove Ads.
Support Sporcle.
Get the best of Sporcle when you Go Orange. This ad-free experience offers more features, more stats, and more fun while also helping to support Sporcle. Thank you for becoming a member.

You're not logged in!

Compare scores with friends on all Sporcle quizzes.
OR
Log In

Show Comments

Extras

Top Quizzes Today


Score Distribution

Your Account Isn't Verified!

In order to create a playlist on Sporcle, you need to verify the email address you used during registration. Go to your Sporcle Settings to finish the process.

Report this User

Report this user for behavior that violates our Community Guidelines.

Details: